Statistics for Biggest U.S. Lakes

Click here to take the quiz!

General Stats

  • This quiz has been taken 22 times
  • The average score is 8 of 20

Answer Stats

AreaAnswer% Correct
31,700 mi²Lake Superior
100%
22,394 mi²Lake Michigan
100%
7,320 mi²Lake Ontario
95%
9,940 mi²Lake Erie
91%
23,012 mi²Lake Huron
91%
1,699 mi²Great Salt Lake
68%
730 mi²Lake Okeechobee
55%
490 mi²Lake Champlain
36%
1,679 mi²Lake of the Woods
27%
382.8 mi²Fort Peck Lake
18%
430 mi²Lake Saint Clair
18%
578 mi²Lake Oahe
18%
479 mi²Lake Sakakawea
18%
629 mi²Lake Ponchartrain
14%
254.1 mi²Lake Powell
14%
453 mi²Becharof Lake
5%
1,012 mi²Iliamna Lake
5%
359.8 mi²Rainy Lake
5%
250.5 mi²Kentucky Lake
5%
404 mi²Selawik Lake
0%

Score Distribution

Percentile by Number Answered

Percent of People with Each Score

Your Score History

You have not taken this quiz